00366 a2200133 450000100060000002000180000608200160002410000470004024500570008725000080014426000380015230000160019050000260020693102 a0-471-51152-8 a620.118/AGA aAgarwal, Bhagwan D.; Broutman, Lawrence J. aAnalysis and Performance of Fiber Composites, 2nd ED a2nd aNew YorkbJohn Wiley & Sonsc1990 axviii,449p. aMS textbook Aerospace